01573nam a2200373 a 4500001001100000003000800011006001900019007001500038008004100053010001700094020002800111040002100139035002000160050002300180082001800203100002700221245013300248260004400381300002600425490002800451504006600479533015200545650004900697650005200746650004200798650004500840651004800885651005100933655002900984710001701013830002901030856012501059999001501184ebr5002856CaPaEBRm u cr cn|||||||||970916s1998 enkb sb 001 0 eng  z 97038363  z0415171407 (alk. paper) aCaPaEBRcCaPaEBR a(OCoLC)7076359614aHC453b.C55 1998eb04a322/.09592211 aClarke, Gerard,d1965-14aThe politics of NGOs in South-East Asiah[electronic resource] :bparticipation and protest in the Philippines /cGerard Clarke. aLondon ;aNew York :bRoutledge,c1998. axxxii, 299 p. :bmap.1 aPolitics in Asia series aIncludes bibliographical references (p. [253]-274) and index. aElectronic reproduction.bPalo Alto, Calif. :cebrary,d2013.nAvailable via World Wide Web.nAccess may be limited to ebrary affiliated libraries. 0aNon-governmental organizationszPhilippines. 0aNon-governmental organizationszSoutheast Asia. 0aPolitical participationzPhilippines. 0aPolitical participationzSoutheast Asia. 0aPhilippinesxPolitics and governmenty1986- 0aSoutheast AsiaxPolitics and governmenty1945- 7aElectronic books.2local2 aebrary, Inc. 0aPolitics in Asia series.40uhttp://site.ebrary.com/lib/rucke/Doc?id=5002856zAn electronic book accessible through the World Wide Web; click to view c1759d1759